000 00719nam a2200253Ia 4500
003 OSt
005 20220926004841.0
006 a|||||r|||| 00| 0
007 ta
008 220923b |||||||| |||| 00| 0 eng d
020 _a9781412935098
_c1787.25
037 _b16, 30/07/2010, Indu Book Services
_cGeneral Book
040 _aRTL
_cRTL
_beng
041 _2eng
_aeng
082 _aU, Q0
100 _aCLIFFORD Nicholas
_9294527
245 0 _aKey methods in geography
250 _a2
260 _a New Delhi
_bSage
_c2010
300 _axxi, 545p
_ccm.
650 _aGeography
942 _hU, Q0
_cGB
_2CC
999 _c612374
_d612374